| 000 | 00841cam a2200253 a 4500 | ||
|---|---|---|---|
| 008 | 010123s2002 maua b 000 0 eng | ||
| 020 | _a0201635356 | ||
| 040 |
_aDLC _c DLC _d DLC |
||
| 050 | 0 | 0 |
_aHG3881 _b.H834 2002 |
| 092 | 0 | 4 |
_a332.15 _bH8937 _221 |
| 099 |
_a04 _a332.15 H8937 |
||
| 100 | 1 |
_aHughes, Jane E. _q(Jane Elizabeth) |
|
| 245 | 1 | 0 |
_aInternational banking : _btext and cases / _cJane E. Hughes, Scott B. MacDonald. |
| 260 |
_aBoston, MA : _bAddison Wesley, _cc2002. |
||
| 300 |
_axvii, 484 p. : _bill. ; _c24 cm. |
||
| 504 | _aIncludes bibliographical references (p. 463-467) and index. | ||
| 650 | 0 | _aBanks and banking, International. | |
| 700 | 1 | _aMacDonald, Scott B. | |
| 902 | _a1 | ||
| 905 |
_aEman _eRev |
||
| 905 |
_aIbrahim _eCat |
||
| 942 |
_2ddc _cBK |
||
| 999 |
_c103767 _d103767 |
||